ბათუმის შოთა რუსთაველის სახელმწიფო უნივერსიტეტის ბიბლიოთეკა

ფილოსოფიური ანთროპოლოგია / (ბიბ.ჩანაწერი № 58820)

000 -ლიდერი
ფიქსირებული სიგრძის საკონტროლო ველი 00805nam a22001817a 4500
003 - საკონტროლო ნომრის იდენტიფიკატორი
საკონტროლო ველი Ge_BSU
005 - ბოლო ოპერაციის თარიღი და დრო
საკონტროლო ველი 20221005135456.0
008 - ფიქსირებული სიგრძის მონაცემთა ელემენტები - ზოგადი ინფორმაცია
ფიქსირებული სიგრძის საკონტროლო ველი 221005s2003 ge ||||| |||| 00| 0 geo d
041 ## - ენის კოდი
Language code of text/sound track or separate title geo
080 ## - უნივერსალური ათობითი კლასიფიკაციის ინდექსი
Universal Decimal Classification number 128 ბ-95
100 ## - მთავარი ჩანაწერი - პიროვნების სახელი
Personal name ბუაჩიძე, თამაზ
9 (RLIN) 389
245 ## - ცნობა სათაურის შესახებ
Title ფილოსოფიური ანთროპოლოგია /
Statement of responsibility, etc [რედ.: მიხეილ მახარაძე] ; საქ. მეცნ. აკად., ფილოსოფიის ინ-ტი.
264 ## - წარმოების, გამოცემის, დისტრიბუციის და სხვა ცნობები
გამოცემის, წარმოების, დისტრიბუციის... ადგილი თბ. :
გამოცემის, წარმოების, დისტრიბუციის... სახელწოდება კოლორი,
გამოცემის, წარმოების, დისტრიბუციის... თარიღი 2003.
300 ## - ფიზიკური აღწერა
Extent 88გვ. ;
Other physical details 20სმ.
653 ## - INDEX TERM--UNCONTROLLED
Uncontrolled term ფილოსოფიური ანთროპოლოგია.
700 ## - ADDED ENTRY--PERSONAL NAME
Personal name მახარაძე, მიხეილ
Relator term რედაქტორი
9 (RLIN) 15061
942 ## - ADDED ENTRY ELEMENTS (KOHA)
Source of classification or shelving scheme
Koha item type წიგნი
ეგზემპლარები
ჩამოწერის სტატუსი დაკარგული ეგზემპლარის სტატუსი კლასიფიკაციის წყარო ან თაროზე გაწყობის სქემა დაზიანების სტატუსი არ გაიცემა მუდმივი მდებარეობა (დაცვის ადგილი) ამჟამინდელი ადგილსამყოფელი თაროზე განთავსების ადგილი შეძენის თარიღი ღირებულება, შესყიდვის ნორმალური ფასი სრული შენახვის შიფრი შტრიხკოდი ბოლო ოპერაციის თარიღი ეგზემპლარის მიმდევრობითი ნომერი (კეტერი?) ფასის ძალაში შესვლის თარიღი ეგზემპლარის სახეობა საჯარო შენიშვნა
          ბათუმის შოთა რუსთაველის სახელმწიფო უნივერსიტეტის მთავარი ბიბლიოთეკა ბათუმის შოთა რუსთაველის სახელმწიფო უნივერსიტეტის მთავარი ბიბლიოთეკა წიგნსაცავი 2022-10-05 4.00 128 ბ-95 28587 2022-10-05 28587 2022-10-05 წიგნი 4 ლ.